000 00395nam a2200145Ia 4500
003 GCL
008 140319s9999 xx 000 0 eng d
040 _aGCL /
_cGCL
082 0 4 _a338.5
_bM M
100 1 _aMANSFILD EDWIN
245 1 0 _aMICROECONOMICS THEORY\APPLICATIONS /
_cMANSFILD EDWIN
260 _a[S.N] :
_bW.W.NORTON AND COMPANY ،
_c1994
650 0 4 _aMICRO ECONOMICS
942 _2ddc
_cBK
999 _c25283
_d25283